| 000 | 00443pab a2200133 454500 | ||
|---|---|---|---|
| 008 | 180718b xxu||||| |||| 00| 0 eng d | ||
| 100 | _aGayle Dennis J. | ||
| 245 | _aExpanding Jamaica's private sector: policy sources and interim consequences | ||
| 362 | _a60(1), Mar 1994, p.71-101 | ||
| 650 | _a Private Sector -- Jamaica | ||
| 650 | _aPrivate Companies -- Jamaica | ||
| 773 | _aInternational Review of Administrative Sciences | ||
| 909 | _a27542 | ||
| 999 |
_c27542 _d27542 |
||